Business biographies and memoirs : (Record no. 216)

MARC details
000 -LEADER
fixed length control field 00751nam a22002297a 4500
005 - DATE AND TIME OF LATEST TRANSACTION
control field 20250420134801.0
008 - FIXED-LENGTH DATA ELEMENTS--GENERAL INFORMATION
fixed length control field 191208b ||||| |||| 00| 0 eng d
020 ## - INTERNATIONAL STANDARD BOOK NUMBER
International Standard Book Number 9781948489935
040 ## - CATALOGING SOURCE
Transcribing agency KCST
082 ## - DEWEY DECIMAL CLASSIFICATION NUMBER
Classification number 338.761
Item number Ma Bu
100 ## - MAIN ENTRY--PERSONAL NAME
Personal name Macgregor, JR
9 (RLIN) 818
245 ## - TITLE STATEMENT
Title Business biographies and memoirs :
Remainder of title 6 manuscripts : Jeff Bezos, Elon Musk, Steve Jobs, Bill Gates, Jack Ma, Richard Branson /
Statement of responsibility, etc. JR Macgregor
260 ## - PUBLICATION, DISTRIBUTION, ETC.
Place of publication, distribution, etc. [Place of publication not identied];
Name of publisher, distributor, etc. CAC Publishing LLC,
Date of publication, distribution, etc. 2018.
300 ## - PHYSICAL DESCRIPTION
Extent 608 p.
650 ## - SUBJECT ADDED ENTRY--TOPICAL TERM
Topical term or geographic name entry element Bezos, Jeffrey.
9 (RLIN) 819
650 ## - SUBJECT ADDED ENTRY--TOPICAL TERM
Topical term or geographic name entry element Musk, Elon.
9 (RLIN) 820
650 ## - SUBJECT ADDED ENTRY--TOPICAL TERM
Topical term or geographic name entry element Jobs, Steve, -- 1955-2011.
9 (RLIN) 811
650 ## - SUBJECT ADDED ENTRY--TOPICAL TERM
Topical term or geographic name entry element Gates, Bill, -- 1955-
9 (RLIN) 821
650 ## - SUBJECT ADDED ENTRY--TOPICAL TERM
Topical term or geographic name entry element Branson, Richard.
9 (RLIN) 822
942 ## - ADDED ENTRY ELEMENTS (KOHA)
Koha item type Book
942 ## - ADDED ENTRY ELEMENTS (KOHA)
Source of classification or shelving scheme Dewey Decimal Classification
Holdings
Withdrawn status Lost status Source of classification or shelving scheme Damaged status Not for loan Home library Current library Date acquired Cost, normal purchase price Total checkouts Full call number Barcode Date last seen Price effective from Koha item type
    Dewey Decimal Classification     KCST Library KCST Library 08/12/2019 16.04   338.761 Ma Bu 1000000047 08/12/2019 08/12/2019 Book
© 2025 KCST. All rights reserved